000 00358nam a22001577a 4500
003 SGT
020 _a978-93-5674-160-7
082 _a657
_bMAH
100 _aMAHESHWARI, S.N.
245 _aFINANCIAL ACCOUNTING FOR BBA
250 _a3RD
260 _aINDIA
_bVIKASH PUB.
_c2024
300 _a2.266
650 _aFINANCIAL ACCOUNTING
942 _2ddc
_cBK
_03
999 _c29446
_d29446